|
|
|
|
| LEADER |
02063nam a2200445 i 4500 |
| 001 |
EBC1910950 |
| 003 |
MiAaPQ |
| 005 |
20200520144314.0 |
| 006 |
m o d | |
| 007 |
cr cnu|||||||| |
| 008 |
141201t20142014sz a ob 101 0 eng|d |
| 020 |
|
|
|z 9783038352532
|
| 020 |
|
|
|a 9783038266372
|q (electronic bk.)
|
| 035 |
|
|
|a (MiAaPQ)EBC1910950
|
| 035 |
|
|
|a (Au-PeEL)EBL1910950
|
| 035 |
|
|
|a (CaPaEBR)ebr10986841
|
| 035 |
|
|
|a (OCoLC)899007039
|
| 040 |
|
|
|a MiAaPQ
|b eng
|e rda
|e pn
|c MiAaPQ
|d MiAaPQ
|
| 050 |
|
4 |
|a TS183
|b .I58 2014
|
| 111 |
2 |
|
|a International Workshop of Advanced Manufacturing and Automation
|n (4th :
|d 2014 :
|c Shanghai, China),
|j issuing body.
|
| 245 |
1 |
0 |
|a Advanced manufacturing and automation :
|b selected, peer reviewed papers from the 4th International Workshop of Advanced Manufacturing and Automation (IWAMA 2014), October 27-28, 2014, Shanghai, China /
|c edited by Kesheng Wang, Jan Ola Strandhagen and Dawei Tu.
|
| 264 |
|
1 |
|a Switzerland :
|b TTP,
|c [2014]
|
| 264 |
|
4 |
|c 2014
|
| 300 |
|
|
|a 1 online resource (698 pages) :
|b illustrations (some color).
|
| 336 |
|
|
|a text
|2 rdacontent
|
| 337 |
|
|
|a computer
|2 rdamedia
|
| 338 |
|
|
|a online resource
|2 rdacarrier
|
| 490 |
1 |
|
|a Advanced materials research,
|x 1022-6680 ;
|v volume 1039
|
| 504 |
|
|
|a Includes bibliographical references and index.
|
| 588 |
|
|
|a Description based on online resource; title from PDF title page (ebrary, viewed December 1, 2014).
|
| 590 |
|
|
|a Electronic reproduction. Ann Arbor, MI : ProQuest, 2015. Available via World Wide Web. Access may be limited to ProQuest affiliated libraries.
|
| 650 |
|
0 |
|a Manufacturing processes
|x Automation
|v Congresses.
|
| 650 |
|
0 |
|a Production engineering
|x Automation
|v Congresses.
|
| 655 |
|
4 |
|a Electronic books.
|
| 700 |
1 |
|
|a Wang, Kesheng,
|e editor.
|
| 700 |
1 |
|
|a Strandhagen, Jan Ola,
|e editor.
|
| 700 |
1 |
|
|a Tu, Dawei,
|e editor.
|
| 797 |
2 |
|
|a ProQuest (Firm)
|
| 830 |
|
0 |
|a Advanced materials research ;
|v v. 1039.
|
| 856 |
4 |
0 |
|u https://ebookcentral.proquest.com/lib/matrademy/detail.action?docID=1910950
|z Click to View
|